000 00625nam a22002177a 4500
003 UA-OsUOA
001 71219
007 ta
008 20101011b un ||||| |||| 00| 0 ukr d
100 _aСаварні І.П.
090 _a330(477)
_bС12
942 _cSA
040 _aUA-OsUOA
_bukr
_cUA-OsUOA
_dUA-OsUOA
245 _aФормування орендної плати за майно на землю в регіоні
300 _aС.18-21
955 _a0
041 _aukr
080 _a330(477)
773 0 _w71216
_tЕкономіка АПК
_dК.
_d2010
_g10
650 7 _a330 Економіка взагалі
_2UDC
999 _c357539
_d357539